| 000 | 00524nam a2200181 a 4500 | ||
|---|---|---|---|
| 005 | 20140310183140.0 | ||
| 008 | 020821s19uu xx 00 eng d | ||
| 020 | _a9719186437 | ||
| 050 |
_aHF 5383 _b.C388 2000 |
||
| 100 | _aCecilia, Ernie O. | ||
| 245 |
_aHow to get a job : _btips 2; testing, interviews and placement for success / _cErnie O. Cecilia. |
||
| 300 |
_a126 p. : _bill. ; _c22 cm. |
||
| 521 | _aBSBA | ||
| 650 | _aJob hunting | ||
| 650 | _aVocational guidance | ||
| 942 |
_cBK _2lcc _kLOC |
||
| 999 |
_c19381 _d19381 |
||